000 00556nam a2200205Ia 4500
003 OSt
005 20230511141309.0
008 210423s2000 xx 000 0 und d
040 _cAL
041 _aeng
082 _a306.2
_223
_bSINC
100 _aSINHA (Jai B P)
_9103105
245 _aCultural context of leadership and power
260 _aKottaym
_bAllied Publishers
_c2000
365 _b195
_cINR
650 _aPolitical Sociology
_9103106
650 _aSociology
_9103107
906 _acontext ; Cultural ; leadership ; power
942 _2ddc
_cBK
999 _c171977
_d171977